[Event "2. Magistral Colonia de Sacramento"]
[Site "Colonia del Sacramento"]
[Date "2008.05.04"]
[Round "1.1"]
[White "Bertona, Fernando"]
[Black "Oddone, Cristhian"]
[Result "1-0"]
[WhiteElo "2425"]
[BlackElo "2235"]
[PlyCount "103"]
[EventDate "2008.05.04"]
[EventType "tourn"]
[EventRounds "9"]
[EventCountry "URU"]
[Source "lmi"]
[SourceDate "2008.05.04"]

1. e4 d5 2. exd5 Nf6 3. d4 Bg4 4. Bb5+ c6 5. dxc6 Qa5+ 6. Nc3 Nxc6 7. Qd3 O-O-O
8. Bxc6 bxc6 9. Nf3 Qb6 10. O-O e5 11. Na4 Qa5 12. Nxe5 Qxa4 13. Nxg4 Rxd4 14.
Qf5+ Nd7 15. h3 h5 16. Nh2 Qc4 17. b3 Qd5 18. Qxd5 Rxd5 19. Be3 Bc5 20. Rfe1 f6
21. Nf1 Rd8 22. Rad1 Bxe3 23. Nxe3 Rxd1 24. Rxd1 Nc5 25. Rxd8+ Kxd8 26. Kf1 Ke7
27. Ke2 g6 28. Nc4 Ke6 29. Ke3 Kd5 30. Nb2 Ne6 31. Nd3 Kd6 32. Nf4 Nf8 33. g3
Kc5 34. c3 Kd6 35. Kd4 Ke7 36. b4 Kd6 37. a4 Kc7 38. c4 Kd6 39. c5+ Kc7 40. b5
Kb7 41. Kc4 a6 42. bxc6+ Kxc6 43. Nd5 f5 44. Nb4+ Kb7 45. Kd5 a5 46. Nd3 Nh7
47. Ke6 Kc6 48. h4 Nf8+ 49. Ke5 Nd7+ 50. Kd4 Nf6 51. Ne5+ Kc7 52. f3 1-0

[Event "2. Magistral Colonia de Sacramento"]
[Site "Colonia del Sacramento"]
[Date "2008.05.04"]
[Round "1.2"]
[White "Soppe, Guillermo"]
[Black "Ippoliti, Horacio"]
[Result "1-0"]
[WhiteElo "2417"]
[BlackElo "2169"]
[PlyCount "111"]
[EventDate "2008.05.04"]
[EventType "tourn"]
[EventRounds "9"]
[EventCountry "URU"]
[Source "lmi"]
[SourceDate "2008.05.04"]

1. d4 f5 2. g3 Nf6 3. Bg2 g6 4. Nf3 Bg7 5. O-O O-O 6. b4 a5 7. b5 c5 8. Bb2
cxd4 9. Bxd4 d6 10. c4 Nbd7 11. Nbd2 e5 12. Bb2 Nc5 13. Nb3 Nfe4 14. Nxc5 Nxc5
15. Qc2 Be6 16. Rad1 Qe7 17. Ne1 Rac8 18. Bd5 Rfd8 19. Ng2 Ne4 20. Ne3 Nf6 21.
Bxe6+ Qxe6 22. Qa4 b6 23. Nd5 Nxd5 24. Rxd5 Rc5 25. Rfd1 Rxd5 26. cxd5 Qd7 27.
Rc1 f4 28. Rc6 Qf5 29. Qc2 e4 30. Bxg7 Kxg7 31. Rxb6 Rf8 32. Qc3+ Kh6 33. Rb7
Rf6 34. gxf4 g5 35. Kg2 gxf4 36. Qh3+ Qxh3+ 37. Kxh3 Rf5 38. Kg4 f3 39. exf3
Rxf3 40. Re7 Rxf2 41. a4 Rd2 42. Re6+ Kg7 43. b6 Rd4 44. Rxd6 Rxa4 45. Kf4 Rb4
46. Rc6 Kf7 47. Rc7+ Kf6 48. Rxh7 e3+ 49. Kxe3 Ke5 50. Ra7 a4 51. b7 Kxd5 52.
h4 Ke5 53. h5 Kd6 54. h6 Kc7 55. h7 Rh4 56. Ra8 1-0

[Event "2. Magistral Colonia de Sacramento"]
[Site "Colonia del Sacramento"]
[Date "2008.05.04"]
[Round "1.3"]
[White "Riverol, Jose"]
[Black "Menna Barreto, Luiz Ney"]
[Result "1/2-1/2"]
[WhiteElo "2275"]
[BlackElo "2314"]
[PlyCount "33"]
[EventDate "2008.05.04"]
[EventType "tourn"]
[EventRounds "9"]
[EventCountry "URU"]
[Source "lmi"]
[SourceDate "2008.05.04"]

1. d4 Nf6 2. Nf3 e6 3. Bg5 d5 4. c4 c6 5. cxd5 exd5 6. Qc2 Be7 7. Nc3 g6 8. e3
Bf5 9. Bd3 Bxd3 10. Qxd3 Nbd7 11. O-O O-O 12. Rab1 a5 13. a3 Re8 14. Rfc1 Ne4
15. Bf4 Bd6 16. Bxd6 Nxd6 17. Nd2 1/2-1/2

[Event "2. Magistral Colonia de Sacramento"]
[Site "Colonia del Sacramento"]
[Date "2008.05.04"]
[Round "1.4"]
[White "Valiente, Cristobal"]
[Black "Larrea, Manuel"]
[Result "1-0"]
[WhiteElo "2267"]
[BlackElo "2342"]
[PlyCount "57"]
[EventDate "2008.05.04"]
[EventType "tourn"]
[EventRounds "9"]
[EventCountry "URU"]
[Source "lmi"]
[SourceDate "2008.05.04"]

1. Nf3 Nf6 2. g3 g6 3. Bg2 Bg7 4. O-O O-O 5. d4 d6 6. Nc3 c6 7. e4 Qc7 8. Bf4
Nbd7 9. e5 Nh5 10. exd6 exd6 11. Be3 Nb6 12. b3 Bd7 13. Qd2 f5 14. Bh6 f4 15.
Bxg7 Nxg7 16. Rae1 Bg4 17. d5 c5 18. Ng5 f3 19. Bh1 Qd7 20. Re4 Rae8 21. Rfe1
Rxe4 22. Rxe4 h6 23. Ne6 Nxe6 24. dxe6 Bxe6 25. Qxh6 Bf5 26. Rf4 Qe7 27. Rxf3
Qe1+ 28. Kg2 Rf7 29. Re3 1-0

[Event "2. Magistral Colonia de Sacramento"]
[Site "Colonia del Sacramento"]
[Date "2008.05.04"]
[Round "1.5"]
[White "Roselli Mailhe, Bernardo"]
[Black "Rodriguez, Santiago"]
[Result "0-1"]
[WhiteElo "2420"]
[BlackElo "2204"]
[PlyCount "90"]
[EventDate "2008.05.04"]
[EventType "tourn"]
[EventRounds "9"]
[EventCountry "URU"]
[Source "lmi"]
[SourceDate "2008.05.04"]

1. d4 Nf6 2. c4 e6 3. Nf3 b6 4. a3 c5 5. d5 Ba6 6. Qc2 exd5 7. cxd5 g6 8. Bf4
d6 9. Nc3 Bg7 10. Qa4+ b5 11. Nxb5 O-O 12. Nc3 Qb6 13. Bd2 Nbd7 14. e3 Bxf1 15.
Kxf1 Qb7 16. e4 Rfe8 17. Re1 Rab8 18. Bc1 Nb6 19. Qb5 Qc8 20. Qd3 Nbd7 21. Re2
c4 22. Qc2 Nc5 23. Ne1 Ng4 24. g3 Nb3 25. Be3 Nxe3+ 26. Rxe3 Bh6 27. f4 Qc5 28.
Ng2 Bg7 29. Nd1 Qd4 30. Nh4 Nd2+ 31. Kg2 Nxe4 32. Nf3 Qxd5 33. Rhe1 f5 34. R3e2
Qc6 35. b4 d5 36. Nb2 a5 37. Nd3 Rbc8 38. Nde5 Bxe5 39. Nxe5 Rxe5 40. fxe5 d4
41. b5 Qd5 42. Kg1 d3 43. Qd1 c3 44. Rxe4 c2 45. Qd2 fxe4 0-1

[Event "2. Magistral Colonia de Sacramento"]
[Site "Colonia del Sacramento"]
[Date "2008.05.05"]
[Round "2.1"]
[White "Oddone, Cristhian"]
[Black "Rodriguez, Santiago"]
[Result "1-0"]
[WhiteElo "2235"]
[BlackElo "2204"]
[PlyCount "123"]
[EventDate "2008.05.04"]
[EventType "tourn"]
[EventRounds "9"]
[EventCountry "URU"]
[Source "lmi"]
[SourceDate "2008.05.04"]

1. e4 c5 2. Nf3 Nc6 3. d3 e6 4. g3 d5 5. Nbd2 Nf6 6. Bg2 Be7 7. O-O b6 8. Re1
Bb7 9. c3 Qc7 10. Qe2 O-O-O 11. a3 dxe4 12. dxe4 h6 13. b4 Ne5 14. Nxe5 Qxe5
15. Bb2 Qd6 16. Nc4 Qd3 17. Qxd3 Rxd3 18. Ne5 Rd2 19. Bc1 Rc2 20. Nxf7 Rf8 21.
Ne5 Nd7 22. Nd3 c4 23. Nf4 g5 24. Ne2 Ne5 25. Nd4 Rcxf2 26. Nxe6 R8f6 27. Nd4
Nd3 28. Bh3+ Kb8 29. Be3 Nxe1 30. Bxf2 Nd3 31. Be3 Bxe4 32. Bg2 Bxg2 33. Kxg2
Bd6 34. Rf1 Rxf1 35. Kxf1 Kb7 36. Ke2 a5 37. Nf5 Bf8 38. Kf3 axb4 39. axb4 Kc6
40. Ke4 b5 41. Nd4+ Kd7 42. Nxb5 Ke6 43. Nd4+ Kd6 44. Nf5+ Ke6 45. g4 Ne5 46.
h3 Nd3 47. Nd4+ Kd6 48. Ne2 Ke6 49. Nc1 Ne5 50. Bd4 Ng6 51. Ne2 Ne7 52. Be5 Nc6
53. Nd4+ Kd7 54. Nxc6 Kxc6 55. Kd4 Kb5 56. Kd5 Be7 57. Bg7 Bd8 58. Kd6 Ka4 59.
Kd7 Bb6 60. Kc6 Be3 61. b5 Ka5 62. Bf8 1-0

[Event "2. Magistral Colonia de Sacramento"]
[Site "Colonia del Sacramento"]
[Date "2008.05.05"]
[Round "2.3"]
[White "Menna Barreto, Luiz Ney"]
[Black "Valiente, Cristobal"]
[Result "1/2-1/2"]
[WhiteElo "2314"]
[BlackElo "2267"]
[PlyCount "42"]
[EventDate "2008.05.04"]
[EventType "tourn"]
[EventRounds "9"]
[EventCountry "URU"]
[Source "lmi"]
[SourceDate "2008.05.04"]

1. Nf3 Nf6 2. c4 e6 3. g3 d5 4. d4 Be7 5. Nc3 O-O 6. Bg2 c6 7. O-O Nbd7 8. b3
b6 9. Bb2 Bb7 10. Nd2 c5 11. cxd5 exd5 12. e4 cxd4 13. Nxd5 Bc5 14. Nc4 Re8 15.
Bxd4 Nxe4 16. Nc3 Bxd4 17. Qxd4 Nxc3 18. Qxc3 Bxg2 19. Kxg2 Qc7 20. a4 Ne5 21.
Rac1 Qc6+ 1/2-1/2

[Event "2. Magistral Colonia de Sacramento"]
[Site "Colonia del Sacramento"]
[Date "2008.05.05"]
[Round "2.4"]
[White "Ippoliti, Horacio"]
[Black "Riverol, Jose"]
[Result "0-1"]
[WhiteElo "2169"]
[BlackElo "2275"]
[PlyCount "70"]
[EventDate "2008.05.04"]
[EventType "tourn"]
[EventRounds "9"]
[EventCountry "URU"]
[Source "lmi"]
[SourceDate "2008.05.04"]

1. f4 Nf6 2. Nf3 g6 3. e3 Bg7 4. Be2 O-O 5. O-O c5 6. d3 d5 7. Qe1 Nc6 8. Qh4
Qc7 9. Nc3 d4 10. Nd1 Nb4 11. Ne1 dxe3 12. Nxe3 Nfd5 13. f5 Bd4 14. fxg6 hxg6
15. Rf3 Qe5 16. c3 Bxe3+ 17. Bxe3 Nxe3 18. cxb4 Nf5 19. Qf2 Qxb2 20. Rd1 Qxb4
21. Rf4 Qb2 22. Nf3 Nd4 23. Rxd4 cxd4 24. Qh4 Kg7 25. Qxe7 Be6 26. Re1 Rae8 27.
Qg5 Bxa2 28. Nh4 Rxe2 29. Rf1 Be6 30. h3 Qd2 31. Qe7 Qe3+ 32. Kh1 Rf2 33. Rxf2
Qxf2 34. Nxg6 Rc8 35. Qg5 fxg6 0-1

[Event "2. Magistral Colonia de Sacramento"]
[Site "Colonia del Sacramento"]
[Date "2008.05.05"]
[Round "2.5"]
[White "Bertona, Fernando"]
[Black "Soppe, Guillermo"]
[Result "1/2-1/2"]
[WhiteElo "2425"]
[BlackElo "2417"]
[PlyCount "36"]
[EventDate "2008.05.04"]
[EventType "tourn"]
[EventRounds "9"]
[EventCountry "URU"]
[Source "lmi"]
[SourceDate "2008.05.04"]

1. d4 c6 2. c4 d5 3. Nf3 Nf6 4. cxd5 cxd5 5. Nc3 Nc6 6. Bf4 Bf5 7. e3 e6 8. Bd3
Bxd3 9. Qxd3 Bd6 10. Bg3 Bxg3 11. hxg3 h6 12. Rc1 a6 13. O-O O-O 14. Na4 Nd7
15. a3 Qa5 16. Nc5 Nxc5 17. Rxc5 Qb6 18. b4 Rfc8 1/2-1/2

[Event "2. Magistral Colonia de Sacramento"]
[Site "Colonia del Sacramento"]
[Date "2008.05.05"]
[Round "3.1"]
[White "Soppe, Guillermo"]
[Black "Oddone, Cristhian"]
[Result "1/2-1/2"]
[WhiteElo "2417"]
[BlackElo "2235"]
[PlyCount "39"]
[EventDate "2008.05.04"]
[EventType "tourn"]
[EventRounds "9"]
[EventCountry "URU"]
[Source "lmi"]
[SourceDate "2008.05.04"]

1. Nf3 c5 2. c4 Nc6 3. Nc3 e5 4. e3 Nf6 5. d4 cxd4 6. exd4 e4 7. Ng5 Bb4 8. d5
Ne5 9. Qd4 d6 10. Ngxe4 Nxe4 11. Qxe4 f5 12. Qf4 O-O 13. Be2 Ng6 14. Qg5 Qe8
15. Qh5 f4 16. O-O Rf5 17. Qf3 Bxc3 18. bxc3 Qe7 19. Bd3 Ne5 20. Qe4 1/2-1/2

[Event "2. Magistral Colonia de Sacramento"]
[Site "Colonia del Sacramento"]
[Date "2008.05.05"]
[Round "3.2"]
[White "Riverol, Jose"]
[Black "Bertona, Fernando"]
[Result "1-0"]
[WhiteElo "2275"]
[BlackElo "2425"]
[PlyCount "117"]
[EventDate "2008.05.04"]
[EventType "tourn"]
[EventRounds "9"]
[EventCountry "URU"]
[Source "lmi"]
[SourceDate "2008.05.04"]

1. Nf3 d5 2. d4 Nf6 3. c4 e6 4. g3 dxc4 5. Qa4+ Bd7 6. Qxc4 Bc6 7. Bg2 Nbd7 8.
Nc3 Be7 9. O-O O-O 10. Re1 Ne4 11. Qd3 Nxc3 12. bxc3 f5 13. Bf4 Be4 14. Qc4 Bd5
15. Qxc7 Rc8 16. Qxd8 Rfxd8 17. Bg5 Nf6 18. Nd2 Bxg2 19. Kxg2 Rxc3 20. Nb3 Kf7
21. Rec1 Rdc8 22. Rxc3 Rxc3 23. Rc1 Rxc1 24. Bxc1 b6 25. f3 Ke8 26. Kf2 Kd7 27.
Ke3 g5 28. Kd3 g4 29. a4 a6 30. Bg5 h5 31. Bxf6 Bxf6 32. fxg4 hxg4 33. e4 Bg5
34. d5 f4 35. a5 exd5 36. axb6 dxe4+ 37. Kxe4 f3 38. Nc5+ Kc6 39. b7 Kc7 40.
Nxa6+ Kxb7 41. Nc5+ Kc6 42. Nd3 Kd6 43. Nf2 Ke6 44. Nxg4 Bd8 45. Kxf3 Kf5 46.
Ne3+ Kg5 47. Ng2 Bc7 48. Nf4 Bd6 49. h4+ Kf5 50. g4+ Kf6 51. Ke4 Ba3 52. g5+
Kg7 53. Kf5 Bd6 54. h5 Kh7 55. Nd5 Bf8 56. Nf6+ Kh8 57. Nd7 Be7 58. Kg6 Ba3 59.
Ne5 1-0

[Event "2. Magistral Colonia de Sacramento"]
[Site "Colonia del Sacramento"]
[Date "2008.05.05"]
[Round "3.3"]
[White "Valiente, Cristobal"]
[Black "Ippoliti, Horacio"]
[Result "1/2-1/2"]
[WhiteElo "2267"]
[BlackElo "2169"]
[PlyCount "35"]
[EventDate "2008.05.04"]
[EventType "tourn"]
[EventRounds "9"]
[EventCountry "URU"]
[Source "lmi"]
[SourceDate "2008.05.04"]

1. e4 Nf6 2. Nc3 d5 3. e5 Nfd7 4. Nxd5 Nxe5 5. Ne3 Nbc6 6. g3 e6 7. Bg2 Bc5 8.
Nf3 O-O 9. Nxe5 Nxe5 10. f4 Bxe3 11. dxe3 Qxd1+ 12. Kxd1 Ng4 13. Ke2 Rb8 14. a4
Bd7 15. b3 f5 16. Bb2 Kf7 17. Rad1 Bc8 18. h3 1/2-1/2

[Event "2. Magistral Colonia de Sacramento"]
[Site "Colonia del Sacramento"]
[Date "2008.05.05"]
[Round "3.4"]
[White "Roselli Mailhe, Bernardo"]
[Black "Menna Barreto, Luiz Ney"]
[Result "1-0"]
[WhiteElo "2420"]
[BlackElo "2314"]
[PlyCount "115"]
[EventDate "2008.05.04"]
[EventType "tourn"]
[EventRounds "9"]
[EventCountry "URU"]
[Source "lmi"]
[SourceDate "2008.05.04"]

1. d4 Nf6 2. c4 e6 3. Nc3 d5 4. Bg5 c6 5. cxd5 exd5 6. Qc2 Be7 7. e3 O-O 8. Bd3
Nbd7 9. Nf3 Re8 10. O-O Nf8 11. Rab1 Bg4 12. Ne5 Bh5 13. b4 a6 14. Na4 Bg6 15.
Nc5 Qc8 16. Bxg6 hxg6 17. Rfc1 N6d7 18. Nexd7 Nxd7 19. Bxe7 Rxe7 20. Nxd7 Qxd7
21. a4 Re6 22. Qd3 g5 23. Qf5 Qe7 24. b5 axb5 25. axb5 g6 26. Qc2 Rd8 27. Qc5
Qxc5 28. Rxc5 g4 29. g3 Kg7 30. Rc2 Kf6 31. Kg2 Ke7 32. bxc6 bxc6 33. Rb6 Rdd6
34. h3 gxh3+ 35. Kxh3 Kf6 36. Kg4 Kg7 37. Rb7 Rf6 38. Rc7 Rde6 39. Kh3 Rd6 40.
Kg2 Rde6 41. g4 g5 42. Kg3 Rh6 43. Rc8 Rhf6 44. Ra2 Rh6 45. Ra1 Rh4 46. Ra6
Rhh6 47. Rb6 Kh7 48. Rbb8 Kg7 49. Rc7 Rhf6 50. Ra8 Rh6 51. Rcc8 Rh1 52. Rg8+
Kf6 53. Rac8 Rg1+ 54. Kf3 Rc1 55. Rgd8 Kg7 56. Rxd5 cxd5 57. Rxc1 Rd6 58. Rc5
1-0

[Event "2. Magistral Colonia de Sacramento"]
[Site "Colonia del Sacramento"]
[Date "2008.05.05"]
[Round "3.5"]
[White "Rodriguez, Santiago"]
[Black "Larrea, Manuel"]
[Result "0-1"]
[WhiteElo "2204"]
[BlackElo "2342"]
[PlyCount "66"]
[EventDate "2008.05.04"]
[EventType "tourn"]
[EventRounds "9"]
[EventCountry "URU"]
[Source "lmi"]
[SourceDate "2008.05.04"]

1. c4 g6 2. Nc3 Bg7 3. g3 d6 4. Bg2 e5 5. e4 Nc6 6. Nge2 Nh6 7. d3 O-O 8. O-O
f5 9. Nd5 g5 10. b4 f4 11. f3 Nf7 12. b5 Ne7 13. Bb2 Ng6 14. Kh1 c6 15. bxc6
bxc6 16. Nb4 Bd7 17. Bc3 h5 18. Rb1 Kh7 19. Na6 c5 20. Qb3 Qc8 21. Qa3 Bf6 22.
Be1 Bc6 23. Bf2 Bb7 24. Rxb7 Qxb7 25. Bh3 g4 26. fxg4 Ng5 27. gxh5 Nxh3 28.
hxg6+ Kg7 29. Nc3 Nxf2+ 30. Rxf2 fxg3 31. hxg3 Bg5 32. Rb2 Qd7 33. Kg2 Rh8 0-1

[Event "2. Magistral Colonia de Sacramento"]
[Site "Colonia del Sacramento"]
[Date "2008.05.06"]
[Round "4.2"]
[White "Menna Barreto, Luiz Ney"]
[Black "Rodriguez, Santiago"]
[Result "1/2-1/2"]
[WhiteElo "2314"]
[BlackElo "2204"]
[PlyCount "119"]
[EventDate "2008.05.04"]
[EventType "tourn"]
[EventRounds "9"]
[EventCountry "URU"]
[Source "lmi"]
[SourceDate "2008.05.04"]

1. Nf3 Nf6 2. c4 e6 3. d4 b6 4. a3 c5 5. g3 Bb7 6. Bg2 cxd4 7. Qxd4 Qc7 8. O-O
Nc6 9. Qd3 Be7 10. Nc3 a6 11. Bf4 d6 12. Rac1 Nb8 13. Nd2 Bxg2 14. Kxg2 O-O 15.
Nde4 Rd8 16. Nxf6+ Bxf6 17. Rfd1 Ra7 18. b4 Be7 19. c5 bxc5 20. bxc5 Qc6+ 21.
e4 Rad7 22. Nd5 exd5 23. cxd6 dxe4 24. Rxc6 exd3 25. dxe7 Nxc6 26. exd8=Q+ Rxd8
27. Kf3 Nd4+ 28. Ke3 Nb5 29. Rxd3 Rxd3+ 30. Kxd3 Nxa3 31. Kc3 f6 32. Kb4 Nc2+
33. Ka5 g5 34. Bc7 g4 35. Kxa6 Kf7 36. Kb5 Nd4+ 37. Kc4 Nf3 38. Kd5 Kg6 39. Ke6
Nxh2 40. Bd8 f5 41. Bb6 Nf3 42. Be3 h5 43. Bc1 Nd4+ 44. Ke5 Ne2 45. Bd2 Ng1 46.
Bc1 Nh3 47. Be3 Ng5 48. Bc1 Nf3+ 49. Ke6 h4 50. gxh4 Nxh4 51. Ke5 Nf3+ 52. Ke6
Nd4+ 53. Ke5 Nf3+ 54. Ke6 Nd4+ 55. Ke5 Ne2 56. Bd2 Ng1 57. Bc1 Nh3 58. Be3 f4
59. Bxf4 Nxf2 60. Kd4 1/2-1/2

[Event "2. Magistral Colonia de Sacramento"]
[Site "Colonia del Sacramento"]
[Date "2008.05.06"]
[Round "4.3"]
[White "Ippoliti, Horacio"]
[Black "Roselli Mailhe, Bernardo"]
[Result "0-1"]
[WhiteElo "2169"]
[BlackElo "2420"]
[PlyCount "68"]
[EventDate "2008.05.04"]
[EventType "tourn"]
[EventRounds "9"]
[EventCountry "URU"]
[Source "lmi"]
[SourceDate "2008.05.04"]

1. d4 d5 2. Nc3 e6 3. e4 Bb4 4. exd5 exd5 5. Qf3 Qe7+ 6. Nge2 c6 7. Bf4 Nf6 8.
Bxb8 Rxb8 9. Qg3 Ra8 10. Qxg7 Rg8 11. Qh6 Bf5 12. O-O-O Ng4 13. Qf4 Qg5 14. Rd2
Qxf4 15. Nxf4 Bd6 16. g3 Bxf4 17. gxf4 Kf8 18. Bg2 Nf6 19. Bf3 Bg4 20. Rd3 Re8
21. Rg1 Bxf3 22. Rxg8+ Kxg8 23. Rxf3 Re1+ 24. Kd2 Rh1 25. h3 b5 26. a3 a5 27.
b4 a4 28. f5 Kf8 29. Nd1 Ne4+ 30. Ke2 Ke7 31. f6+ Ke6 32. Nc3 Ng5 33. Re3+ Kxf6
34. f4 Ne6 0-1

[Event "2. Magistral Colonia de Sacramento"]
[Site "Colonia del Sacramento"]
[Date "2008.05.06"]
[Round "4.4"]
[White "Bertona, Fernando"]
[Black "Valiente, Cristobal"]
[Result "1/2-1/2"]
[WhiteElo "2425"]
[BlackElo "2267"]
[PlyCount "41"]
[EventDate "2008.05.04"]
[EventType "tourn"]
[EventRounds "9"]
[EventCountry "URU"]
[Source "lmi"]
[SourceDate "2008.05.04"]

1. e4 g6 2. d4 Bg7 3. Nc3 d6 4. Bg5 a6 5. f4 c5 6. dxc5 Qa5 7. Qd2 Qxc5 8. Nf3
Bg4 9. Be2 Nd7 10. Nd1 Ngf6 11. Bd3 O-O 12. Ne3 Bxf3 13. gxf3 b5 14. c3 Rab8
15. Bh4 Qh5 16. Qf2 Nc5 17. Be2 b4 18. c4 Na4 19. f5 Nxb2 20. Rb1 Na4 21. f4
1/2-1/2

[Event "2. Magistral Colonia de Sacramento"]
[Site "Colonia del Sacramento"]
[Date "2008.05.06"]
[Round "4.5"]
[White "Soppe, Guillermo"]
[Black "Riverol, Jose"]
[Result "1-0"]
[WhiteElo "2417"]
[BlackElo "2275"]
[PlyCount "131"]
[EventDate "2008.05.04"]
[EventType "tourn"]
[EventRounds "9"]
[EventCountry "URU"]
[Source "lmi"]
[SourceDate "2008.05.04"]

1. d4 Nf6 2. Nf3 g6 3. Bf4 Bg7 4. e3 d5 5. h3 O-O 6. Nbd2 c5 7. c3 b6 8. a4 Nc6
9. Be2 Bb7 10. O-O Nd7 11. Qb3 e5 12. dxe5 Ndxe5 13. Nxe5 Bxe5 14. Bxe5 Nxe5
15. Nf3 Nc6 16. Rfd1 Na5 17. Qa3 Qe7 18. Rac1 Rfd8 19. b3 Rac8 20. Rc2 Qe6 21.
Rcd2 d4 22. cxd4 Qxb3 23. Qa1 cxd4 24. Rxd4 Rxd4 25. Qxd4 Qc3 26. Qf4 Qc6 27.
Bf1 Qe4 28. Qf6 Qc6 29. Rd6 Qe8 30. Ne5 Nc6 31. Nxc6 Rxc6 32. Rd8 Rxf6 33.
Rxe8+ Kg7 34. Re7 Bc6 35. Rxa7 Rf5 36. Bc4 Be8 37. Bb3 h5 38. Re7 Kf8 39. Rb7
Ra5 40. e4 b5 41. axb5 Rxb5 42. Rxb5 Bxb5 43. h4 Ke7 44. f3 Kf6 45. Kf2 Bd7 46.
Ke3 Bb5 47. Kf4 Bf1 48. g3 Be2 49. Bd5 Bd1 50. e5+ Kg7 51. Kg5 Bc2 52. Be4 Bb3
53. f4 Bd1 54. f5 gxf5 55. Kxf5 Be2 56. Kf4 Kh6 57. Bf3 Bd3 58. Ke3 Bc2 59. Kd4
Ba4 60. Kd5 Bc2 61. Kd6 Ba4 62. Ke7 Kg6 63. Bd5 Kf5 64. Bxf7 Kxe5 65. Bxh5 Bb3
66. Bg6 1-0

[Event "2. Magistral Colonia de Sacramento"]
[Site "Colonia del Sacramento"]
[Date "2008.05.06"]
[Round "5.1"]
[White "Riverol, Jose"]
[Black "Oddone, Cristhian"]
[Result "1-0"]
[WhiteElo "2275"]
[BlackElo "2235"]
[PlyCount "55"]
[EventDate "2008.05.04"]
[EventType "tourn"]
[EventRounds "9"]
[EventCountry "URU"]
[Source "lmi"]
[SourceDate "2008.05.04"]

1. d4 Nf6 2. Nf3 c5 3. d5 b5 4. a4 b4 5. Bg5 d6 6. Bxf6 gxf6 7. e3 Bg7 8. Nbd2
e5 9. Nh4 f5 10. Qh5 Qf6 11. g4 fxg4 12. Ne4 Qe7 13. Be2 Kd8 14. Rg1 f5 15.
Nxf5 Bxf5 16. Qxf5 h5 17. f3 Nd7 18. fxg4 hxg4 19. Rxg4 Kc7 20. Ng5 Bf6 21.
Ne6+ Kb7 22. O-O-O Qh7 23. Rg6 Be7 24. Rdg1 Rac8 25. Qf1 Rcg8 26. Ba6+ Kb8 27.
Qb5+ Nb6 28. Qc6 1-0

[Event "2. Magistral Colonia de Sacramento"]
[Site "Colonia del Sacramento"]
[Date "2008.05.06"]
[Round "5.3"]
[White "Roselli Mailhe, Bernardo"]
[Black "Bertona, Fernando"]
[Result "1/2-1/2"]
[WhiteElo "2420"]
[BlackElo "2425"]
[PlyCount "39"]
[EventDate "2008.05.04"]
[EventType "tourn"]
[EventRounds "9"]
[EventCountry "URU"]
[Source "lmi"]
[SourceDate "2008.05.04"]

1. d4 d5 2. c4 e6 3. Nc3 Nf6 4. cxd5 exd5 5. Bg5 Be7 6. e3 c6 7. Qc2 Nbd7 8.
Bd3 O-O 9. Nf3 Re8 10. O-O Nf8 11. Rab1 Ng6 12. b4 a6 13. a4 Bd6 14. e4 dxe4
15. Nxe4 Be7 16. Rfe1 Nxe4 17. Bxe7 Rxe7 18. Bxe4 Be6 19. Qc5 Rd7 20. Qh5
1/2-1/2

[Event "2. Magistral Colonia de Sacramento"]
[Site "Colonia del Sacramento"]
[Date "2008.05.06"]
[Round "5.4"]
[White "Rodriguez, Santiago"]
[Black "Ippoliti, Horacio"]
[Result "1-0"]
[WhiteElo "2204"]
[BlackElo "2169"]
[PlyCount "52"]
[EventDate "2008.05.04"]
[EventType "tourn"]
[EventRounds "9"]
[EventCountry "URU"]
[Source "lmi"]
[SourceDate "2008.05.04"]

1. Nf3 f5 2. e4 fxe4 3. Ng5 Nf6 4. d3 e5 5. dxe4 Bc5 6. Bc4 Qe7 7. Bf7+ Kf8 8.
Bb3 Nc6 9. Nc3 Nd4 10. Qd3 c6 11. O-O h6 12. Nf3 d6 13. Ne2 Nxb3 14. axb3 Be6
15. Ng3 g5 16. Be3 Bxe3 17. fxe3 Kg7 18. Nd4 exd4 19. e5 Kf8 20. Rxf6+ Ke8 21.
Qg6+ Bf7 22. Qf5 dxe5 23. Rf1 Bd5 24. e4 Qc5 25. Qxe5+ Kd7 26. Rf7+ Kd8 1-0

[Event "2. Magistral Colonia de Sacramento"]
[Site "Colonia del Sacramento"]
[Date "2008.05.06"]
[Round "5.5"]
[White "Larrea, Manuel"]
[Black "Menna Barreto, Luiz Ney"]
[Result "0-1"]
[WhiteElo "2342"]
[BlackElo "2314"]
[PlyCount "56"]
[EventDate "2008.05.04"]
[EventType "tourn"]
[EventRounds "9"]
[EventCountry "URU"]
[Source "lmi"]
[SourceDate "2008.05.04"]

1. e4 e6 2. d3 d5 3. Nd2 c5 4. Ngf3 Nc6 5. g3 Nf6 6. Bg2 dxe4 7. dxe4 Qc7 8.
O-O b6 9. e5 Nd5 10. c4 Nde7 11. Ne4 Nf5 12. Bf4 Bb7 13. Qa4 O-O-O 14. Rfd1 Be7
15. g4 Nfd4 16. Nxd4 Nxd4 17. Rd2 Bc6 18. Qa6+ Kb8 19. Qa3 Rd7 20. Qe3 Rhd8 21.
Nd6 Bxd6 22. exd6 Qb7 23. Bxc6 Qxc6 24. Rxd4 cxd4 25. Qe2 d3 26. Qe5 Qxc4 27.
Rc1 Qd5 28. Qc3 f6 0-1

[Event "2. Magistral Colonia de Sacramento"]
[Site "Colonia del Sacramento"]
[Date "2008.05.07"]
[Round "6.1"]
[White "Oddone, Cristhian"]
[Black "Menna Barreto, Luiz Ney"]
[Result "1/2-1/2"]
[WhiteElo "2235"]
[BlackElo "2314"]
[PlyCount "32"]
[EventDate "2008.05.04"]
[EventType "tourn"]
[EventRounds "9"]
[EventCountry "URU"]
[Source "lmi"]
[SourceDate "2008.05.04"]

1. d4 d5 2. e3 Nf6 3. Bd3 Nc6 4. f4 Nb4 5. Nf3 Bg4 6. h3 Bxf3 7. Qxf3 e6 8. O-O
Qd7 9. Nc3 Nxd3 10. cxd3 c5 11. f5 Be7 12. Bd2 O-O 13. Be1 exf5 14. Qxf5 Qe6
15. Qxe6 fxe6 16. Nb5 Ne8 1/2-1/2

[Event "2. Magistral Colonia de Sacramento"]
[Site "Colonia del Sacramento"]
[Date "2008.05.07"]
[Round "6.3"]
[White "Bertona, Fernando"]
[Black "Rodriguez, Santiago"]
[Result "1-0"]
[WhiteElo "2425"]
[BlackElo "2204"]
[PlyCount "111"]
[EventDate "2008.05.04"]
[EventType "tourn"]
[EventRounds "9"]
[EventCountry "URU"]
[Source "lmi"]
[SourceDate "2008.05.04"]

1. e4 c5 2. Nf3 Nc6 3. Bb5 g6 4. c3 Nf6 5. Qe2 Bg7 6. O-O O-O 7. h3 d5 8. e5
Ne8 9. d4 cxd4 10. cxd4 Nc7 11. Nc3 Bd7 12. Bd3 Nb4 13. Bb1 a6 14. a3 Bb5 15.
Nxb5 axb5 16. Bd2 Nc6 17. Bd3 Ne6 18. Be3 Qb6 19. Rfd1 b4 20. Bb5 Rfc8 21. a4
Rc7 22. Qd2 Rac8 23. Rac1 Qa5 24. Ra1 Na7 25. Bd3 Nc6 26. Rdc1 Qb6 27. Bb5 Qa5
28. Qe1 Na7 29. Rxc7 Rxc7 30. Bd3 Nc6 31. b3 Qb6 32. Rc1 Na5 33. Rxc7 Nxc7 34.
Bc2 Ne6 35. Qd2 Nc6 36. Bd1 Kf8 37. Be2 Na5 38. Bb5 Nxb3 39. Qxb4 Na5 40. Qc3
Qc7 41. Bd2 Qxc3 42. Bxc3 Nb3 43. Kf1 f6 44. Bd7 Nd8 45. a5 fxe5 46. dxe5 Nc5
47. Bb5 h6 48. Ke2 Ne4 49. Bb2 Ne6 50. g3 Nc7 51. Bd7 Nc5 52. Bc8 Nb3 53. Bc3
Nc5 54. Bb4 N7e6 55. Bxc5 Nxc5 56. Bxb7 1-0